[Event "Wroclaw Anderssen Memorial op-B"]
[Site "Wroclaw"]
[Date "2023.??.??"]
[Round "9"]
[White "Pelczarski, Wojciech"]
[Black "Sypek, Szymon"]
[Result "1/2-1/2"]
[WhiteElo "1415"]
[BlackElo "1601"]
[PlyCount "51"]
[EventDate "2023.08.06"]
[EventType "swiss"]
[EventRounds "9"]
[EventCountry "POL"]
[SourceTitle "EXT 2024"]
[Source "ChessBase"]
[SourceDate "2023.10.10"]
[SourceVersion "1"]
[SourceVersionDate "2023.10.10"]
[SourceQuality "1"]

1. Nf3 Nf6 2. d4 d5 3. Bf4 e6 4. e3 Be7 5. Bd3 0-0 6. Nbd2 c5 7. c3 Nc6 8. 0-0 cxd4 9. exd4 h6 10. Ne5 Qb6 11. Nb3 a5 12. Rb1 a4 13. Nd2 a3 14. b4 Bd7 15. Qe2 Na7 16. Rbc1 Bb5 17. Nb3 Bxd3 18. Qxd3 Nb5 19. Nc5 Rfd8 20. Rfe1 Nd6 21. g4 Nde4 22. h4 Nxc5 23. dxc5 Qa6 24. Qe3 d4 25. cxd4 Nd5 26. Qd2 1/2-1/2

[Event "Wroclaw Anderssen Memorial"]
[Site "Wroclaw"]
[Date "2021.07.31"]
[Round "6"]
[White "Zerebiec, Maurycy"]
[Black "Pelczarski, Wojciech"]
[Result "1-0"]
[WhiteElo "1901"]
[BlackElo "1144"]
[PlyCount "47"]
[EventDate "2021.07.31"]
[EventType "swiss (rapid)"]
[EventRounds "9"]
[EventCountry "POL"]
[SourceTitle "CBM 203 Extra"]
[Source "ChessBase"]
[SourceDate "2021.09.30"]
[SourceVersion "1"]
[SourceVersionDate "2021.09.30"]
[SourceQuality "1"]

1. c4 e5 2. Nc3 Nc6 3. g3 Bc5 4. Bg2 Nf6 5. e4 d6 6. h3 h5 7. d3 h4 8. g4 Nh7 9. f4 exf4 10. Bxf4 Qf6 11. Qd2 Bd4 12. Nd5 Qd8 13. Nf3 Bf6 14. 0-0 g5 15. Nxf6+ Qxf6 16. Nxg5 Nxg5 17. Bxg5 Qg6 18. Rf6 Qg7 19. Raf1 Be6 20. b3 Rf8 21. Bh6 Qh7 22. Bxf8 Kxf8 23. Rxe6 Kg8 24. Ref6 1-0